Traité de pathologie médicale et de thérapeutique appliquée / publ. sous la dir. d'Émile Sergent, L. Ribadeau-Dumas, L. Babonneix. (Record no. 188362)

MARC details
000 -LEADER
campo de control de longitud fija 00713nam a2200181 i 4500
001 - NÚMERO DE CONTROL
campo de control 188362
003 - IDENTIFICADOR DE NÚMERO DE CONTROL
campo de control ES-MaACL
005 - FECHA Y HORA DE LA ÚLTIMA TRANSACCIÓN
campo de control 20251002204752.0
008 - DATOS DE LONGITUD FIJA--INFORMACIÓN GENERAL
campo de control de longitud fija 180903s1926 fr |||| | fre d
245 00 - MENCIÓN DEL TÍTULO
Título Traité de pathologie médicale et de thérapeutique appliquée / publ. sous la dir. d'Émile Sergent, L. Ribadeau-Dumas, L. Babonneix.
Número de parte o sección de la obra XI,
Nombre de parte o sección de la obra Appareil digestif /
Mención de responsabilidad, etc. par Jean-Charles Roux... [et al.].
260 ## - PUBLICACIÓN, DISTRIBUCIÓN, ETC.
Lugar de publicación, distribución, etc. Paris :
Nombre del editor, distribuidor, etc. Norbert Maloine,
Fecha de publicación, distribución, etc. 1926.
300 ## - DESCRIPCIÓN FÍSICA
Extensión VIII, 938 p. :
Otras características físicas il. ;
Dimensiones 21 cm.
650 04 - PUNTO DE ACCESO ADICIONAL DE MATERIA--TÉRMINO DE MATERIA
Término de materia o nombre geográfico como elemento de entrada Aparato digestivo-
Subdivisión general Enfermedades.
9 (RLIN) 9906
700 0# - ENTRADA AGREGADA--NOMBRE PERSONAL
Nombre de persona Roux, Jean Charles.
9 (RLIN) 100110
700 1# - ENTRADA AGREGADA--NOMBRE PERSONAL
Nombre de persona Sergent, Émile,
Fechas asociadas al nombre 1867-1943
9 (RLIN) 151848
852 ## - LOCALIZACIÓN
Ubicación ES-MaACL
Número de control de estantería C-16741
Holdings
Estatus retirado Estado de pérdida Estado de daño No para préstamo Biblioteca de origen Biblioteca actual Ubicación en estantería Fecha de adquisición Fuente de adquisición Total de préstamos Signatura topográfica completa Código de barras Visto por última vez Precio de reemplazo Tipo de ítem Koha
        Biblioteca del Ateneo de Madrid Biblioteca del Ateneo de Madrid Galería 03/09/2018     C-16741 1199260 23/02/2023 23/02/2023 Libro impreso